000
00291nam a2200133Ia 4500
100
_a
Condon/E.U/ Odisgaw H
250
_a
2
942
_c
RB
654
_a
handbook
245
_a
Handbook of Physics
260
_b
McGraw Hill
_a
New York
_c
1967
082
_a
530.0202
_b
CON
546
_a
ENGLISH
999
_c
30398
_d
30398